书目信息 |
| 题名: |
商周青铜器与青铜器雕塑艺术
|
|
| 作者: | 张耀 著 | |
| 分册: | ||
| 出版信息: | 北京 中国书籍出版社 2013.01 |
|
| 页数: | 10,180页 | |
| 开本: | 24cm | |
| 丛书名: | 中国书籍文库 | |
| 单 册: | ||
| 中图分类: | K876.414 | |
| 科图分类: | ||
| 主题词: | 青铜器(考古)--研究--中国--商周时代 , 青铜器(考古) | |
| 电子资源: | ||
| ISBN: | 978-7-5068-3073-7 | |
| 000 | 00964oam2 2200277 450 | |
| 001 | 0000500021635 | |
| 005 | 20130627155908.34 | |
| 010 | @a978-7-5068-3073-7@dCNY38.00 | |
| 100 | @a20130109d2013 em y0chiy50 ea | |
| 101 | 0 | @achi |
| 102 | @aCN@b110000 | |
| 105 | @aa z 000yy | |
| 106 | @ar | |
| 200 | 1 | @a商周青铜器与青铜器雕塑艺术@9shang zhou qing tong qi yu qing tong qi diao su yi shu@f张耀著 |
| 210 | @a北京@c中国书籍出版社@d2013.01 | |
| 215 | @a10,180页@c图@d24cm | |
| 225 | 2 | @a中国书籍文库@i文学与艺术@v31 |
| 308 | @a丛书第三辑 | |
| 330 | @a本书将商周青铜器纳入到中国古代雕塑艺术的大范围之中,从雕塑艺术的角度着重对其雕塑艺术形式、内容、造型风格及艺术规律进行了深入研究。 | |
| 462 | 0 | @12001 @a中国书籍文库@i文学与艺术 |
| 606 | 0 | @a青铜器(考古)@x研究@y中国@z商周时代 |
| 606 | 0 | @a青铜器(考古) |
| 690 | @aK876.414@v5 | |
| 701 | 0 | @a张耀@9zhang yao@f(1966-)@4著 |
| 801 | 0 | @aCN@bRENTIAN@c20130109 |
| 905 | @b547112-15@dK876.414@e287@f4 | |
| 商周青铜器与青铜器雕塑艺术/张耀著.-北京:中国书籍出版社,2013.01 |
| 10,180页:图;24cm.-(中国书籍文库.文学与艺术;31) |
| ISBN 978-7-5068-3073-7:CNY38.00 |
| 本书将商周青铜器纳入到中国古代雕塑艺术的大范围之中,从雕塑艺术的角度着重对其雕塑艺术形式、内容、造型风格及艺术规律进行了深入研究。 |
| ● |
| 相关链接 |
|
|
|
|
正题名:商周青铜器与青铜器雕塑艺术
索取号:K876.414/287
 
预约/预借
| 序号 | 登录号 | 条形码 | 馆藏地/架位号 | 状态 | 备注 |
| 1 | 547112 | 205471121 | 第二样本阅览室/ [索取号:K876.414/287] | 在馆 | |
| 2 | 547113 | 205471130 | 第二借阅区/ [索取号:K876.414/287] | 在馆 | |
| 3 | 547114 | 205471149 | 第二借阅区/ [索取号:K876.414/287] | 在馆 | |
| 4 | 547115 | 205471158 | 第二借阅区/ [索取号:K876.414/287] | 在馆 |